000 00537nam a2200193 a 4500
001 BRCA_674
005 20190320203112.0
008 130508s1978----nyua---###---#000-0#eng-#
020 _a0517259915
050 4 _aTS542
_b.P43 1978
100 1 _aPearson, Michael
_92226
245 1 0 _aThe Beauty of Clocks
_cby Michael Pearson.
260 _aNueva York
_bCrescent Books
_c1978
300 _a96 p.
_bil. a color
_c32 cm.
500 _aIncluye índice alfabético
504 _aBibliografía: p. 95
650 1 4 _aRelojes
_92227
942 _2lcc
_cB
999 _c581
_d581